[Event "20th HZ Open 2016"]
[Site "Vlissingen NED"]
[Date "2016.08.10"]
[Round "6.19"]
[White "Van den Berg, Ad"]
[Black "Docx, Stefan"]
[Result "1-0"]
[BlackTitle "IM"]
[WhiteElo "2203"]
[BlackElo "2420"]
[WhiteFideId "1001426"]
[BlackFideId "200778"]
[EventDate "2016.08.06"]

1. e4 c5 2. Nf3 d6 3. c3 Nf6 4. Be2 Nbd7 5. d3 b6 6. O-O Bb7 7. c4 e6 8. Re1 Be7
9. Nc3 O-O 10. Bf1 a6 11. b3 Ne5 12. Nxe5 dxe5 13. Re3 b5 14. Rg3 b4 15. Bh6 Ne8
16. Na4 Bh4 17. Be3 Bxg3 18. hxg3 f5 19. Bxc5 Rf6 20. Bxb4 fxe4 21. dxe4 Bxe4
22. Qxd8 Rxd8 23. Be7 Rd2 24. Bxf6 Nxf6 25. Nc5 Bc6 26. Nxa6 Ng4 27. Nb4 Ba8 28.
f3 Nf6 29. c5 Nd5 30. a3 e4 31. fxe4 Nxb4 32. axb4 Bxe4 33. Rc1 Bb7 34. c6 Bc8
35. b5 1-0

[Event "20th HZ Open 2016"]
[Site "Vlissingen NED"]
[Date "2016.08.10"]
[Round "6.20"]
[White "Eisenbeiser, Amadeus"]
[Black "Michalczak, Thomas"]
[Result "0-1"]
[WhiteTitle "IM"]
[BlackTitle "FM"]
[WhiteElo "2416"]
[BlackElo "2234"]
[WhiteFideId "4678338"]
[BlackFideId "4622634"]
[EventDate "2016.08.06"]

1. e4 e5 2. Nf3 Nc6 3. Bc4 Bc5 4. d3 Nf6 5. O-O d6 6. c3 a6 7. Bb3 Ba7 8. Nbd2
O-O 9. Re1 Ng4 10. Re2 Kh8 11. h3 Nh6 12. Nf1 f5 13. Bxh6 gxh6 14. exf5 Bxf5 15.
Bd5 Qf6 16. Ng3 Bxh3 17. gxh3 Ne7 18. Bxb7 Rab8 19. Be4 d5 20. d4 exd4 21. Nxd4
dxe4 22. Qf1 c5 23. Nb3 Nf5 24. Nd2 e3 25. Nde4 Qg6 26. Kh2 Rbe8 27. Nxf5 Rxf5
28. Ng3 Bb8 29. Qg2 exf2 30. Rxe8+ Qxe8 31. h4 Qe3 0-1

[Event "20th HZ Open 2016"]
[Site "Vlissingen NED"]
[Date "2016.08.10"]
[Round "6.21"]
[White "Kevlishvili, Robby"]
[Black "De Boer, Eelke"]
[Result "1-0"]
[WhiteTitle "FM"]
[WhiteElo "2409"]
[BlackElo "2183"]
[WhiteFideId "1040634"]
[BlackFideId "1048120"]
[EventDate "2016.08.06"]

1. e4 e6 2. d4 d5 3. Nd2 Nf6 4. e5 Nfd7 5. Bd3 c5 6. c3 Nc6 7. Ne2 cxd4 8. cxd4
f6 9. exf6 Nxf6 10. Nf3 Bd6 11. O-O Qc7 12. h3 O-O 13. Be3 Bd7 14. a3 Rae8 15.
Rc1 Qb8 16. Qd2 Nh5 17. Ng5 g6 18. f4 Qc7 19. Qc2 Rf6 20. g3 Qb6 21. Bf2 Ref8
22. Nf3 Rc8 23. Qb1 Kg7 24. Ne5 Rc7 25. b4 Rf8 26. Bxg6 Nf6 27. Bd3 Rfc8 28. g4
h6 29. g5 hxg5 30. fxg5 Nh5 31. Bg6 Rh8 32. Bxh5 1-0

[Event "20th HZ Open 2016"]
[Site "Vlissingen NED"]
[Date "2016.08.10"]
[Round "6.22"]
[White "Bluhm, Sonja Maria"]
[Black "Bosboom, Manuel"]
[Result "0-1"]
[WhiteTitle "WFM"]
[BlackTitle "IM"]
[WhiteElo "2235"]
[BlackElo "2400"]
[WhiteFideId "24654027"]
[BlackFideId "1000080"]
[EventDate "2016.08.06"]

1. e4 c5 2. Nc3 Nc6 3. Bb5 Na5 4. Nf3 a6 5. Be2 d6 6. d4 cxd4 7. Nxd4 Nf6 8. O-O
e6 9. Be3 Qc7 10. f4 b5 11. a3 Bb7 12. Bf3 Nc4 13. Bc1 h5 14. Qd3 Rc8 15. Nce2
e5 16. Nb3 g6 17. Kh1 exf4 18. Bxf4 Bg7 19. Bxd6 Qxd6 20. Qxd6 Nxd6 21. e5 Nfe4
22. exd6 Nxd6 23. Bxb7 Nxb7 24. c3 O-O 25. Rad1 Rfd8 26. Nbd4 Nc5 27. g3 Na4 28.
Rd2 Nb6 29. Nc1 Bh6 30. Rd3 Nc4 31. Ndb3 Nxb2 32. Rxd8+ Rxd8 33. Nc5 Rc8 34.
Nxa6 Rxc3 35. Ne2 Rxa3 36. Rb1 Nd3 37. Nc7 b4 38. Nd5 b3 39. Nd4 b2 40. Nb5 Ra5
41. Nbc3 Bg7 42. Kg2 Bxc3 43. Nxc3 Rc5 44. Ne2 Rc2 45. Kf3 Ne5+ 46. Ke3 Nc4+ 0-1

[Event "20th HZ Open 2016"]
[Site "Vlissingen NED"]
[Date "2016.08.10"]
[Round "6.23"]
[White "Berchtenbreiter, Maximilian"]
[Black "Franssen, Jeroen"]
[Result "1-0"]
[WhiteTitle "IM"]
[WhiteElo "2373"]
[BlackElo "2156"]
[WhiteFideId "24641120"]
[BlackFideId "1032410"]
[EventDate "2016.08.06"]

1. e4 e5 2. Nf3 Nc6 3. Bc4 Nf6 4. d3 Be7 5. c3 O-O 6. Bb3 d6 7. Nbd2 Na5 8. Bc2
c5 9. Qe2 Re8 10. h3 Bf8 11. Nf1 h6 12. g4 Nh7 13. Ne3 g6 14. Bd2 Nc6 15. h4 b5
16. Rg1 Kh8 17. Qf1 Qf6 18. Nd5 Qd8 19. Ne3 Qf6 20. Rg3 Rb8 21. g5 hxg5 22. Nxg5
Nxg5 23. hxg5 Qg7 24. Ng4 Bxg4 25. Rxg4 c4 26. Qh3+ Kg8 27. O-O-O f6 28. Rh1
fxg5 29. Rxg5 Nd8 30. Rg4 Ne6 31. Rhg1 Kf7 32. dxc4 bxc4 33. Ba4 Re7 34. Qg3 Nc5
35. Rxg6 1-0

[Event "20th HZ Open 2016"]
[Site "Vlissingen NED"]
[Date "2016.08.10"]
[Round "6.24"]
[White "Provoost, Simon"]
[Black "Vereggen, Lars"]
[Result "0-1"]
[BlackTitle "FM"]
[WhiteElo "2178"]
[BlackElo "2359"]
[WhiteFideId "1016334"]
[BlackFideId "1029258"]
[EventDate "2016.08.06"]

1. c4 g6 2. g3 Bg7 3. Bg2 Nf6 4. Nc3 d6 5. e4 O-O 6. Nge2 Nc6 7. O-O Nd7 8. d4
e5 9. Be3 exd4 10. Nxd4 Nde5 11. Nxc6 bxc6 12. Bd4 c5 13. Bxe5 Bxe5 14. Qd2 Be6
15. b3 a5 16. Rac1 Bd7 17. Kh1 Bc6 18. a4 Re8 19. Rfe1 Qb8 20. Nb5 Qb7 21. Re2
Bg7 22. Rce1 Re7 23. Kg1 f5 24. Qd3 f4 25. gxf4 Rf8 26. Qg3 Ref7 27. f5 Kh8 28.
fxg6 hxg6 29. Qxg6 Be5 30. Qh6+ Kg8 31. Bh3 Bf4 32. Qe6 Bd7 33. Qxd7 Rxd7 34.
Bxd7 c6 35. Be6+ Kh8 36. Nc3 Qg7+ 0-1

[Event "20th HZ Open 2016"]
[Site "Vlissingen NED"]
[Date "2016.08.10"]
[Round "6.25"]
[White "Lammens, Tim"]
[Black "Jiang, Zhaoyi"]
[Result "1/2-1/2"]
[WhiteTitle "FM"]
[BlackTitle "WCM"]
[WhiteElo "2305"]
[BlackElo "1831"]
[WhiteFideId "1008803"]
[BlackFideId "8611050"]
[EventDate "2016.08.06"]

1. c4 Nf6 2. g3 c6 3. Bg2 d5 4. Nf3 Bf5 5. O-O h6 6. cxd5 cxd5 7. Qb3 Qc8 8. Nc3
e6 9. d3 Nc6 10. Bf4 Be7 11. Nb5 O-O 12. Nbd4 Bg4 13. Nxc6 bxc6 14. Rac1 Qa6 15.
e4 Rfc8 16. Ne5 Bh5 17. h3 Kh7 18. Qc2 dxe4 19. dxe4 Be2 20. Rfe1 Bb5 21. b3 Ba3
22. Rcd1 Kg8 23. Be3 c5 24. Bf1 Bb4 25. Bxb5 Qxb5 26. Re2 Nxe4 27. Qd3 Qxd3 28.
Rxd3 Nf6 29. Nc4 Nd5 30. Rc2 Nb6 31. a3 Nxc4 32. bxc4 Ba5 33. Rd7 Bb6 34. Rcd2
Rc6 35. Rb7 Rcc8 36. Rbd7 Rc6 37. Rb2 Rcc8 38. Rb5 Rc6 39. a4 a6 40. Rb3 Rac8
41. Bd2 Bc7 42. Rb7 Kf8 43. Bf4 e5 44. Be3 Ke8 45. Rd5 Bd6 46. f3 Rd8 47. Kf2
Rd7 48. Rb3 Ke7 49. Rbd3 f6 50. Rd1 Ke6 51. f4 g6 52. g4 h5 53. Kf3 hxg4+ 54.
hxg4 Rdc7 55. f5+ gxf5 56. gxf5+ Ke7 57. Rh1 Rc8 58. Rh7+ Kd8 59. Rh8+ Kc7 60.
Rxc8+ Kxc8 61. Ke4 Kd8 62. Bxc5 Rxc5 63. Rxd6+ Kc7 64. Rxa6 Rxc4+ 65. Ke3 Kd7
66. Rxf6 Rxa4 67. Re6 Ra5 68. Ke4 Rb5 69. Ra6 Ke7 70. f6+ Kf7 71. Kf5 Rb1 72.
Ra7+ Kf8 73. Ra6 Kf7 74. Ra7+ Kf8 75. Rh7 e4 76. Kxe4 1/2-1/2

[Event "20th HZ Open 2016"]
[Site "Vlissingen NED"]
[Date "2016.08.10"]
[Round "6.26"]
[White "Nguyen, Kevin"]
[Black "Hummel, Erik-Jan"]
[Result "1-0"]
[BlackTitle "FM"]
[WhiteElo "2169"]
[BlackElo "2294"]
[WhiteFideId "1046349"]
[BlackFideId "1009028"]
[EventDate "2016.08.06"]

1. Nf3 e6 2. g3 b6 3. Bg2 Bb7 4. O-O Nf6 5. d3 c5 6. e4 d6 7. Nc3 Nc6 8. Nh4 Be7
9. f4 Nd7 10. Nf3 Bf6 11. Nb5 Qb8 12. f5 a6 13. fxe6 fxe6 14. Nc3 O-O 15. Bh3
Nd4 16. Ne2 Nxe2+ 17. Qxe2 Qe8 18. Ng5 Bxg5 19. Bxg5 h6 20. Rxf8+ Nxf8 21. Be3
d5 22. Qg4 h5 23. Qg5 dxe4 24. Bg2 Nh7 25. Qe5 Nf6 26. Bg5 Ng4 27. Qc7 Qf7 28.
Qxf7+ Kxf7 29. dxe4 Kg6 30. h4 Nf6 31. Bxf6 gxf6 32. Rd1 Rc8 33. Rd6 Rc6 34. e5
Rc7 35. Rxe6 Bc8 36. Rxf6+ Kg7 37. Rxb6 Rd7 38. Rd6 Re7 39. Rc6 Be6 40. Rxc5 Rd7
41. Bf3 Kg6 42. Be4+ Kf7 43. Bd3 Rd4 44. Rc7+ Kf8 45. Rc6 1-0

[Event "20th HZ Open 2016"]
[Site "Vlissingen NED"]
[Date "2016.08.10"]
[Round "6.27"]
[White "Bosboom, Ardin"]
[Black "Brink, Barry"]
[Result "0-1"]
[BlackTitle "FM"]
[WhiteElo "1821"]
[BlackElo "2293"]
[WhiteFideId "1046454"]
[BlackFideId "1009451"]
[EventDate "2016.08.06"]

1. d4 Nf6 2. c4 e6 3. Nc3 d5 4. Bg5 Bb4 5. e3 h6 6. Bxf6 Qxf6 7. Nf3 O-O 8. Bd3
dxc4 9. Bxc4 c5 10. O-O cxd4 11. Qxd4 Qxd4 12. exd4 Nc6 13. Rfd1 Bxc3 14. bxc3
Bd7 15. Rab1 Na5 16. Ne5 Rfd8 17. Be2 Ba4 18. Rdc1 Rac8 19. Bf3 Rc7 20. Rb4 Be8
21. Be4 b6 22. Nf3 Rdc8 23. Rb2 Rxc3 24. Rbc2 Rxc2 25. Rxc2 Rxc2 26. Bxc2 Bc6
27. Nd2 Bd5 28. Nb3 Nc6 29. f3 Bxb3 30. Bxb3 Nxd4 31. Bc4 Kf8 32. Kf2 Ke7 33.
Ke3 Nf5+ 34. Kd2 Kd6 35. g4 Nh4 36. Ke3 g5 37. Bf1 Ke5 38. a3 Ng6 39. a4 Nf4 40.
Kf2 Nd5 41. Bd3 Nc3 42. Bc2 Kd4 43. Kg3 Ke3 44. Bb3 Ne2+ 45. Kg2 Nd4 0-1

[Event "20th HZ Open 2016"]
[Site "Vlissingen NED"]
[Date "2016.08.10"]
[Round "6.28"]
[White "Kabos, Tobias"]
[Black "Liu, Manli"]
[Result "1/2-1/2"]
[WhiteTitle "FM"]
[WhiteElo "2273"]
[BlackElo "2062"]
[WhiteFideId "1010182"]
[BlackFideId "8608121"]
[EventDate "2016.08.06"]

1. e4 c5 2. c3 d5 3. exd5 Qxd5 4. Nf3 Nf6 5. d4 Bg4 6. Be2 e6 7. h3 Bh5 8. O-O
Nc6 9. Be3 cxd4 10. cxd4 Be7 11. Nc3 Qd6 12. a3 O-O 13. Qb3 Rac8 14. Rfd1 Rfd8
15. Rac1 Qb8 16. d5 exd5 17. Nxd5 Nxd5 18. Rxd5 Rxd5 19. Qxd5 Bg6 20. b4 Rd8 21.
Qb3 h6 22. Qc4 Bd6 23. Rd1 a6 24. Nd4 Nxd4 25. Rxd4 Be5 26. Rd5 Bf5 27. g4 Be6
28. Rxd8+ Qxd8 29. Qe4 Qc7 30. Bd3 Kf8 31. Bc5+ Bd6 32. Qd4 Bxc5 33. bxc5 Qd7
34. Qe3 h5 35. f3 hxg4 36. hxg4 Qc7 37. Kg2 Qc6 38. Kg3 Qc7+ 39. Kg2 Qc6 40. Kg3
Qc7+ 41. Kg2 Qc6 1/2-1/2

[Event "20th HZ Open 2016"]
[Site "Vlissingen NED"]
[Date "2016.08.10"]
[Round "6.29"]
[White "Watzlawek, Markus"]
[Black "Perske, Thore"]
[Result "0-1"]
[BlackTitle "FM"]
[WhiteElo "2109"]
[BlackElo "2377"]
[WhiteFideId "4637062"]
[BlackFideId "12902195"]
[EventDate "2016.08.06"]

1. d4 d6 2. c4 e5 3. Nc3 exd4 4. Qxd4 Nc6 5. Qd2 Be6 6. e4 Nf6 7. b3 a5 8. Bb2
a4 9. Rb1 axb3 10. axb3 g6 11. g3 Bg7 12. Bg2 O-O 13. Nge2 Nd7 14. O-O Nc5 15.
Ba1 Rxa1 0-1

[Event "20th HZ Open 2016"]
[Site "Vlissingen NED"]
[Date "2016.08.10"]
[Round "6.30"]
[White "Freeke, Matthieu"]
[Black "Smeets, Pierre"]
[Result "1-0"]
[WhiteTitle "FM"]
[WhiteElo "2354"]
[BlackElo "2107"]
[WhiteFideId "1013459"]
[BlackFideId "1043820"]
[EventDate "2016.08.06"]

1. d4 d5 2. c4 c6 3. cxd5 cxd5 4. Bf4 Nf6 5. Nc3 Qb6 6. e3 Bf5 7. Bb5+ Nc6 8.
Nf3 a6 9. Bxc6+ bxc6 10. O-O e6 11. Ne5 Nd7 12. Nxd7 Kxd7 13. Na4 Qb5 14. Rc1
Be7 15. f3 Rhc8 16. b3 Ba3 17. Nc5+ Ke8 18. e4 Bg6 19. Rc2 Rd8 20. Bc7 Rdc8 21.
Be5 f6 22. Bd6 Kf7 23. Re1 Rd8 24. Bc7 Rdc8 25. Bf4 Rd8 26. Bc1 Bb4 27. Bd2 dxe4
28. Bxb4 Qxb4 29. Rc4 Qb6 30. fxe4 e5 31. Qg4 Ra7 32. dxe5 Re7 33. e6+ Kg8 34.
Kh1 1-0

[Event "20th HZ Open 2016"]
[Site "Vlissingen NED"]
[Date "2016.08.10"]
[Round "6.31"]
[White "Baarslag, Ed"]
[Black "De Jong, Migchiel"]
[Result "0-1"]
[BlackTitle "IM"]
[WhiteElo "2113"]
[BlackElo "2342"]
[WhiteFideId "1014285"]
[BlackFideId "1002848"]
[EventDate "2016.08.06"]

1. d4 Nf6 2. c4 g6 3. Nc3 Bg7 4. e4 O-O 5. f3 d6 6. Be3 c6 7. Qd2 a6 8. Bd3 b5
9. Nge2 Nbd7 10. O-O bxc4 11. Bxc4 d5 12. Bb3 dxe4 13. fxe4 Ng4 14. Bg5 c5 15.
dxc5 Qc7 16. Qf4 Qxc5+ 17. Kh1 Nde5 18. Nd5 Nd3 19. Bxe7 Qa7 20. Qf3 Ndf2+ 21.
Rxf2 Nxf2+ 22. Kg1 Nxe4+ 23. Kh1 Nf2+ 24. Kg1 Ng4+ 25. Kh1 Re8 26. Rf1 Ne5 27.
Qe4 Bf5 28. Qh4 h6 29. Nd4 g5 30. Bxg5 hxg5 31. Qxg5 Bg6 32. Nc6 Nxc6 33. Nf6+
Kf8 34. Nxe8 Rxe8 35. Qxg6 Re1 36. Qd6+ Qe7 37. Qxe7+ Rxe7 38. Bc4 a5 39. b3 Nb4
40. a3 Nc2 41. b4 Ne3 42. Rxf7+ Rxf7 43. Bxf7 axb4 44. axb4 Kxf7 45. b5 Bd4 46.
g4 Nxg4 47. Kg2 Ke6 48. Kf3 Nxh2+ 49. Ke4 Bb6 50. Kf4 Nf1 51. Ke4 Ng3+ 52. Kf4
Nf5 53. Ke4 Nd6+ 54. Kf4 Kd5 55. Kf3 Kc4 56. Kf4 Kc5 57. Ke5 Nc4+ 58. Ke4 Kxb5
59. Kf4 Bd4 60. Ke4 Kc5 61. Kf3 Kd5 62. Kf4 Ne5 63. Kg3 Ke4 64. Kg2 Ng4 65. Kg3
Nf2 66. Kg2 Ke3 67. Kg3 Be5+ 68. Kg2 Bf4 69. Kg1 Kf3 70. Kf1 Bh2 71. Ke1 Ne4 72.
Kd1 Ke3 73. Kc2 Bd6 74. Kb3 Kd4 75. Ka4 Kc5 76. Ka5 Kc6 77. Ka6 Bc5 78. Ka5 Nc3
79. Ka6 Nb5 80. Ka5 Nc7 81. Ka4 Kd5 82. Kb3 Kd4 83. Kc2 Bb4 84. Kb3 Bc3 85. Ka4
Kc4 86. Ka3 Nb5+ 87. Ka4 Nd4 88. Ka3 Kb5 89. Ka2 Kb4 90. Kb1 Kb3 91. Kc1 Kc4 92.
Kd1 Kd3 93. Kc1 Nf5 94. Kd1 Ne3+ 95. Kc1 Kc4 96. Kb1 Kb3 97. Kc1 Bb4 0-1

[Event "20th HZ Open 2016"]
[Site "Vlissingen NED"]
[Date "2016.08.10"]
[Round "6.32"]
[White "Peek, Marcel"]
[Black "Ducarmon, Renzo"]
[Result "1-0"]
[WhiteTitle "IM"]
[WhiteElo "2325"]
[BlackElo "2091"]
[WhiteFideId "1000462"]
[BlackFideId "1002279"]
[EventDate "2016.08.06"]

1. d4 Nf6 2. c4 g6 3. Nc3 Bg7 4. e4 d6 5. Nf3 O-O 6. Be2 e5 7. d5 a5 8. Bg5 Na6
9. Nd2 Qe8 10. a3 Bd7 11. b3 h6 12. Be3 Nh7 13. Rb1 f5 14. f3 b6 15. b4 axb4 16.
axb4 f4 17. Bf2 g5 18. Qb3 Qg6 19. Kd1 g4 20. Kc2 gxf3 21. gxf3 Ng5 22. Bf1 Qh5
23. Nb5 Bh3 24. Qd3 Bxf1 25. Qxf1 Nh3 26. Kb3 Bf6 27. Rb2 Kh8 28. Ra2 Rfc8 29.
Nc3 Rg8 30. Nd1 Be7 31. Kc3 Bf6 32. Nb2 Be7 33. Nd3 Nxf2 34. Qxf2 Qh3 35. Nb3
Qc8 36. Rha1 Qb7 37. Ra4 b5 38. cxb5 Qxb5 39. Qa2 c5 40. Rxa6 Rxa6 41. Qxa6
cxb4+ 42. Nxb4 1-0

[Event "20th HZ Open 2016"]
[Site "Vlissingen NED"]
[Date "2016.08.10"]
[Round "6.33"]
[White "Van der Zalm, Marnix"]
[Black "Breukelman, Jan"]
[Result "1/2-1/2"]
[BlackTitle "FM"]
[WhiteElo "2075"]
[BlackElo "2325"]
[WhiteFideId "1004611"]
[BlackFideId "1015583"]
[EventDate "2016.08.06"]

1. d4 Nf6 2. c4 e6 3. Nc3 Bb4 4. e3 O-O 5. Bd3 d5 6. cxd5 exd5 7. Ne2 c5 8. a3
Bxc3+ 9. bxc3 Nc6 10. f3 Re8 11. O-O h6 12. Ng3 Qa5 13. Bd2 Qc7 14. Rc1 Be6 15.
Be1 Rad8 16. h3 Qd6 17. a4 Na5 18. Bf2 cxd4 19. cxd4 Qa3 20. Bb5 Bd7 21. e4 dxe4
22. Bxd7 Rxd7 23. fxe4 Nxe4 24. Nxe4 Rxe4 25. Rc8+ Kh7 26. Qh5 g5 27. Rc5 Nc6
28. Rxg5 Qd6 29. d5 Re5 30. Be3 Qxd5 31. Qxh6+ Kxh6 32. Rxe5+ Kg6 33. Rxd5 Rxd5
34. Rf4 a5 35. g4 f5 36. gxf5+ Rxf5 1/2-1/2

[Event "20th HZ Open 2016"]
[Site "Vlissingen NED"]
[Date "2016.08.10"]
[Round "6.34"]
[White "Gutkind, Kedem"]
[Black "Bezemer, Arno"]
[Result "0-1"]
[BlackTitle "FM"]
[WhiteElo "2068"]
[BlackElo "2315"]
[WhiteFideId "1046519"]
[BlackFideId "1001396"]
[EventDate "2016.08.06"]

1. e4 c5 2. Nf3 d6 3. d4 cxd4 4. Nxd4 Nf6 5. Nc3 Bd7 6. Be2 Nc6 7. Be3 e6 8. Qd2
a6 9. O-O Nxd4 10. Qxd4 Qc7 11. f4 Bc6 12. Rad1 Be7 13. e5 dxe5 14. fxe5 Nd7 15.
Qf4 Nxe5 16. Bd4 Bd6 17. Qe3 O-O 18. Bb6 Qe7 19. Qd4 Nd7 20. Qxd6 Qxd6 21. Rxd6
Nxb6 22. Rfd1 Rfc8 23. Kf2 Kf8 24. Bf3 Nc4 25. R6d4 Bxf3 26. Kxf3 Nxb2 0-1

[Event "20th HZ Open 2016"]
[Site "Vlissingen NED"]
[Date "2016.08.10"]
[Round "6.35"]
[White "Hamblok, Roel"]
[Black "Boulahfa, Hicham"]
[Result "1-0"]
[WhiteTitle "FM"]
[WhiteElo "2308"]
[BlackElo "2084"]
[WhiteFideId "209317"]
[BlackFideId "1024663"]
[EventDate "2016.08.06"]

1. d4 d5 2. Bf4 c5 3. e3 Nc6 4. c3 Qb6 5. Qb3 c4 6. Qc2 e5 7. dxe5 Bf5 8. Qc1 g5
9. Bg3 Bg7 10. Nf3 h5 11. h3 Nh6 12. Nbd2 O-O-O 13. Nxg5 Bxe5 14. Bxe5 Nxe5 15.
Ngf3 Nd3+ 16. Bxd3 Bxd3 17. Nd4 Rhg8 18. Rg1 Rde8 19. N2f3 f5 20. Qd2 Nf7 21.
O-O-O Nd6 22. b4 cxb3 23. Qxd3 bxa2 24. Kc2 Nc4 25. Nb3 Na3+ 26. Kb2 Nc4+ 27.
Kc2 Na3+ 28. Kb2 Nc4+ 29. Kxa2 Qa6+ 30. Kb1 Qa3 31. Qc2 Rg6 32. Qa2 Qe7 33. Kc1
Ra6 34. Qb1 Qa3+ 35. Kc2 f4 36. Rxd5 Kb8 37. Nfd2 Nb6 38. Rd4 fxe3 39. fxe3 Rxe3
40. Re1 Rg3 41. Re8+ Nc8 42. Rc4 1-0

[Event "20th HZ Open 2016"]
[Site "Vlissingen NED"]
[Date "2016.08.10"]
[Round "6.36"]
[White "Amdouni, Zoubaier"]
[Black "Hoffman, Ron"]
[Result "1-0"]
[WhiteTitle "FM"]
[WhiteElo "2306"]
[BlackElo "2081"]
[WhiteFideId "5500419"]
[BlackFideId "1007599"]
[EventDate "2016.08.06"]

1. e4 d6 2. d4 Nf6 3. Nc3 g6 4. Be3 Bg7 5. f3 O-O 6. Qd2 e5 7. Nge2 exd4 8. Nxd4
Nc6 9. O-O-O Nxd4 10. Bxd4 Be6 11. Be3 Re8 12. g4 a6 13. h4 b5 14. Bh6 Bxh6 15.
Qxh6 b4 16. Ne2 Qe7 17. h5 a5 18. Nf4 Qf8 19. Qg5 Qg7 20. h6 Qh8 21. Bb5 Bd7 22.
Bxd7 Nxd7 23. Nd5 Ra7 24. f4 f6 25. Qh4 Kf7 26. g5 fxg5 27. fxg5 Qe5 28. Qf2+ 1-0

[Event "20th HZ Open 2016"]
[Site "Vlissingen NED"]
[Date "2016.08.10"]
[Round "6.37"]
[White "Boelhouwer, Collin"]
[Black "Saravanan, V."]
[Result "0-1"]
[BlackTitle "IM"]
[WhiteElo "2048"]
[BlackElo "2281"]
[WhiteFideId "1013300"]
[BlackFideId "5000580"]
[EventDate "2016.08.06"]

1. e4 c5 2. Nf3 e6 3. d4 cxd4 4. Nxd4 Nc6 5. Nc3 Qc7 6. Be3 a6 7. Be2 Nf6 8. a3
Be7 9. O-O O-O 10. f4 d6 11. Qd2 Re8 12. Bf3 Rb8 13. Kh1 Bd7 14. Nb3 b5 15. g4
Bc8 16. g5 Nd7 17. Qg2 Bb7 18. Qh3 Bf8 19. Bg2 b4 20. axb4 Nxb4 21. Rf2 g6 22.
Re1 Bg7 23. f5 exf5 24. exf5 Bxg2+ 25. Kxg2 Nxc2 26. Rxc2 Rxb3 27. f6 Bf8 28.
Rce2 Ne5 29. Bd4 Qb7+ 30. Kf2 Rb4 31. Bxe5 Rxe5 32. Rxe5 dxe5 33. Nd1 Rf4+ 34.
Ke2 Rf5 35. Qg3 Qb5+ 36. Kd2 e4 37. h4 h6 38. Ne3 Bb4+ 0-1

[Event "20th HZ Open 2016"]
[Site "Vlissingen NED"]
[Date "2016.08.10"]
[Round "6.38"]
[White "Muehlenhaus, Sven"]
[Black "Balla, Tom"]
[Result "1-0"]
[WhiteTitle "FM"]
[WhiteElo "2262"]
[BlackElo "2076"]
[WhiteFideId "4671546"]
[BlackFideId "1017969"]
[EventDate "2016.08.06"]

1. d4 Nf6 2. Nf3 g6 3. c4 Bg7 4. Nc3 O-O 5. e4 d6 6. Be2 c5 7. O-O cxd4 8. Nxd4
Nc6 9. Be3 Bd7 10. Rc1 a5 11. f3 Nxd4 12. Bxd4 Bc6 13. Nd5 Nd7 14. Bxg7 Kxg7 15.
Rf2 Nc5 16. Bf1 Kg8 17. Kh1 Bxd5 18. cxd5 Qb6 19. Rfc2 Qb4 20. Qe2 e5 21. dxe6
Nxe6 22. Rc4 Qb6 23. Qd2 Rfd8 24. f4 d5 25. exd5 Qd6 26. Rd1 f5 27. Qc1 Ng7 28.
Be2 Re8 29. Bf3 Re7 30. Rc8+ Rxc8 31. Qxc8+ Ne8 32. Qc3 Qxf4 33. Qxa5 Qe5 34.
Qd2 Nd6 35. b3 Kg7 36. Kg1 Kf6 37. a4 Qe3+ 38. Qxe3 Rxe3 39. Rb1 Ke5 40. Kf2 f4
41. b4 Ne4+ 42. Bxe4 Rxe4 43. a5 Kxd5 44. Kf3 Rc4 45. b5 Kc5 46. Rb2 h6 47. a6
Kb6 48. Ra2 bxa6 49. Rxa6+ Kxb5 50. Rxg6 Kc5 51. Rxh6 Kd5 52. Rf6 Ke5 53. Rf8
Ra4 54. Kg4 Ra2 55. g3 fxg3 56. hxg3 Ke6 57. Kh5 Ke7 58. Rf4 Ra5+ 59. Kh6 Ra1
60. g4 Rh1+ 61. Kg6 Rh2 62. g5 Rh1 63. Kg7 Re1 64. g6 Re2 65. Kg8 Re1 66. g7 Re2
67. Rh4 Rg2 68. Kh7 1-0

[Event "20th HZ Open 2016"]
[Site "Vlissingen NED"]
[Date "2016.08.10"]
[Round "6.39"]
[White "Kalisvaart, Peter"]
[Black "Afek, Yochanan"]
[Result "1-0"]
[BlackTitle "IM"]
[WhiteElo "2059"]
[BlackElo "2237"]
[WhiteFideId "1008820"]
[BlackFideId "2800462"]
[EventDate "2016.08.06"]

1. d4 c5 2. d5 Nf6 3. Nc3 g6 4. Bg5 Bg7 5. e4 d6 6. Qd2 h6 7. Be3 Qa5 8. f3 a6
9. Nge2 b5 10. Nc1 Nbd7 11. Nd1 Qxd2+ 12. Bxd2 Ne5 13. a4 b4 14. Nd3 Nxd3+ 15.
Bxd3 e6 16. dxe6 Bxe6 17. O-O c4 18. Be2 a5 19. c3 b3 20. Ne3 Rc8 21. Rfd1 Ke7
22. Be1 Rhd8 23. Bg3 Rc5 24. Rd2 Nh5 25. Bf2 Rc6 26. Nd5+ Kf8 27. Rad1 Nf6 28.
Bd4 Bxd5 29. exd5 Rcc8 30. Bb6 Rd7 31. Bxa5 Ra8 32. Bb4 Rxa4 33. Bxc4 Ne8 34.
Bb5 Rxb4 35. Bxd7 Rb7 36. Bxe8 Kxe8 37. Ra1 Kd7 38. Kf1 Kc7 39. Ke2 h5 40. Kd3
h4 41. Ra4 g5 42. Rb4 1-0

[Event "20th HZ Open 2016"]
[Site "Vlissingen NED"]
[Date "2016.08.10"]
[Round "6.40"]
[White "Kalle, Erwin"]
[Black "Sparenberg, Erik"]
[Result "1-0"]
[WhiteElo "1938"]
[BlackElo "2147"]
[WhiteFideId "1045504"]
[BlackFideId "1013262"]
[EventDate "2016.08.06"]

1. e4 e5 2. Nf3 Nc6 3. Bc4 Nf6 4. Ng5 d5 5. exd5 Na5 6. Bb5+ c6 7. dxc6 bxc6 8.
Bd3 Be7 9. O-O O-O 10. Re1 Ng4 11. h3 Nh6 12. Nf3 f6 13. b3 Nf5 14. Bb2 Nb7 15.
Nc3 Kh8 16. Bxf5 Bxf5 17. d4 Qc7 18. Qe2 Rad8 19. dxe5 Nc5 20. b4 Ne6 21. Qc4
fxe5 22. Ne4 Rd5 23. Ng3 Bxh3 24. Nxe5 Bd6 25. Qxc6 Bxe5 26. Qxc7 Bxc7 27. gxh3
Nf4 28. Re7 Nxh3+ 29. Kh2 Rg5 30. Kxh3 Bb6 31. f4 Rg6 32. Rxg7 Rxg7 33. Nh5 Kg8
34. Bxg7 Rd8 35. Be5 Kf7 36. Nf6 Kg6 37. c4 Rd3+ 38. Kg2 Bd4 39. Re1 Rd2+ 40.
Kf3 Kf5 41. Bxd4 Rxd4 42. Ne4 1-0

[Event "20th HZ Open 2016"]
[Site "Vlissingen NED"]
[Date "2016.08.10"]
[Round "6.41"]
[White "Van Baar, Esper"]
[Black "Stillger, Bernhard"]
[Result "0-1"]
[BlackTitle "FM"]
[WhiteElo "2028"]
[BlackElo "2235"]
[WhiteFideId "1049321"]
[BlackFideId "4610768"]
[EventDate "2016.08.06"]

1. e4 g6 2. d4 Bg7 3. Nc3 c6 4. Nf3 d5 5. e5 f6 6. exf6 exf6 7. Bd3 Nh6 8. Bf4
O-O 9. Qd2 Nf7 10. O-O-O Nd7 11. h4 Nb6 12. h5 g5 13. Be3 h6 14. Ne1 f5 15. f4
g4 16. Bf2 Nd6 17. b3 a5 18. Be2 Ne4 19. Nxe4 dxe4 20. c4 a4 21. b4 Be6 22. Qc3
Qc7 23. g3 Qf7 24. c5 Nd5 25. Qa3 Nc7 26. Kb1 Bc4 27. Qb2 a3 28. Qc2 Bxe2 29.
Qxe2 Nd5 30. Qd2 b6 31. Nc2 bxc5 32. bxc5 Rfb8+ 33. Kc1 Rb2 34. Be1 Rab8 35. Qa5
Rxc2+ 36. Kxc2 Ne3+ 37. Kc1 Qxa2 38. Qd2 Rb1# 0-1